000 00411nam a2200157Ia 4500
008 230917s9999||||xx |||||||||||||| ||und||
020 _cRs. 1405.00
040 _e5005356
_aMAIN
041 _aEnglish
082 _a515.64 K848F
100 _aKot, Mark
245 0 _aFirst course in the calculus of variations
260 _aProvidence
_bAmerican Mathematical Society
_c2017
300 _ax, 298 p.
942 _cBK
999 _c9543
_d9543